| 000 | 00560nam a2200205Ia 4500 | ||
|---|---|---|---|
| 003 | GCL | ||
| 008 | 140319s9999 xx 000 0 eng d | ||
| 040 |
_aGCL / _cGCL |
||
| 082 | 0 | 4 |
_a005.3 _bN P |
| 100 | 1 | _aDAVIS, PHYLLIS | |
| 245 | 1 | 0 |
_aPETER NORTON'S GUIDE TO VISUAL BASIC 4 FOR WINDOWS 95. / _cDAVIS, PHYLLIS |
| 700 | 1 | _aNORTON, PETER | |
| 260 |
_a[S.N] : _bSAMS PUBLISHING ، _c1995 |
||
| 300 | _a918 P. | ||
| 650 | 0 | 4 | _aشعر الحرب |
| 650 | 0 | 4 | _aWINDOWS 95 |
| 650 | 0 | 4 | _aVISUAL BASIC 4 |
| 650 | 0 | 4 | _aCOMPUTER - PROGRAMMING |
| 942 |
_2ddc _cBK |
||
| 999 |
_c13103 _d13103 |
||